00517nam a22001817a 450000500170000001000130001702000100003003500130004003700160005308200160006910000200008524500750010526000420018027000420022230000310026465000130029565000270030820170124110133.0 aA-408353 c33.00 aA-408353 bCen Lib/Ret a658.15bJEE aJeevanandam, C. aManagement accounting ;cby C. Jeevananadam ba handbbok for bankers / aNew DelhibSultan chand & sons c1988 bNew Delhia4792/23, Daryaganje110002 avarious pagings c21cm(Hb) aCosting  aManagament accounting